| 000 | 00371 a2200169 4500 | ||
|---|---|---|---|
| 001 | 188618 | ||
| 020 | _a978-85-249-1547-5 | ||
| 040 | _cMagnum | ||
| 100 | _aLins, Claudia | ||
| 240 | 1 | 0 |
_aO menino que acordou o rio _lpor |
| 245 | 1 | 0 | _aO menino que acordou o rio |
| 300 | _a23 | ||
| 362 | 0 | _a2009 | |
| 440 | 1 | _aCortez | |
| 697 | _aLITERATURA INFANTO | ||
| 942 | _cBK | ||
| 999 |
_c188618 _d188618 |
||